000 00378pab a2200157 454500
008 180718b2005 xxu||||| |||| 00| 0 eng d
100 _aMahakul, M.K.
245 _aRadical humanism on M.N. Roy
260 _c2005
300 _ap.607-18.
362 _aJan-Mar
650 _aHumanism
650 _aRoy, M.N.
773 _aIndian Journal of Political Science
909 _a67124
999 _c67124
_d67124